Łódzkie - prawda czy fałsz? - Statystyki

Ogólne statystyki
  • Ten quiz został rozwiązany 110 razy
  • Średni wynik to 10 z 15
Statystyki odpowiedzi
Zagadnienie Odpowiedź % Poprawnych
Tablice rejestracyjne zaczynają się tutaj na literę E Prawda
97%
Nie posiada klubu w Ekstraklasie Fałsz
91%
Znajduje się tutaj Tomaszów Mazowiecki Prawda
91%
Posiada geometryczny środek Polski Prawda
88%
Znajduje się tutaj Łowicz Prawda
88%
Znajduje się tutaj największa elektrownia węglowa w Polsce Prawda
82%
Przez województwo przepływa Wisła Fałsz
76%
Posiada 5 miast na prawach powiatu Fałsz
64%
Graniczy z 6 województwami Prawda
64%
Grzegorz Schreiber jest jego marszałkiem Fałsz
55%
Posiada jedno z 3 największych miast w Polsce pod względem ludności Fałsz
55%
Posiada najmniejszą powierzchnię lasów % z województw Prawda
52%
Posiada 7 parków krajobrazowych Prawda
45%
Posiada obiekt na liście światowego dziedzictwa Unesco Fałsz
39%
Posiada powierzchnię większą niż 20 tysięcy kilometrów kwadratowych Fałsz
21%
Nie znaleziono quizów pasujących do podanych kryteriów
Rozkład punktacji
Procent ludzi z każdym wynikiem
Percentyl według liczby udzielonych odpowiedzi
Twoja historia wyników
Nie rozwiązałeś tego quizu